Los estudios descriptivos de traducción y más allá : metodología de la investigación en estudios de traducción /

সংরক্ষণ করুন:
গ্রন্থ-পঞ্জীর বিবরন
প্রধান লেখক: Toury, Gideon (autor)
বিন্যাস: গ্রন্থ
ভাষা:স্প্যানিশ
প্রকাশিত: Madrid, España : Cátedra, 2004, c2004
মালা:(Lingüística)
বিষয়গুলি:
ট্যাগগুলো: ট্যাগ যুক্ত করুন
কোনো ট্যাগ নেই, প্রথমজন হিসাবে ট্যাগ করুন!

MARC

LEADER 00000nam^a2200000^a^4500
001 000175673
005 20250521000000.0
009 20260310101612.666
020 |a 84-376-2174-7 
037 |a Acervo ITESO - Biblioteca 
041 |a ESP 
082 |a 418. 02  |b TOU 
100 |a Toury, Gideon  |e (autor) 
245 1 4 |a Los estudios descriptivos de traducción y más allá :  |b metodología de la investigación en estudios de traducción /  |c G. Toury ; ed. y tr. por Rosa Rabadán, Raquel Merino. 
264 4 |a Madrid, España :  |b Cátedra,  |c 2004, c2004 
300 |a 371 p. 
336 |a texto  |b txt  |2 rdacontenido 
337 |a sin mediación  |b n  |2 rdamedio 
338 |a volumen  |b nc  |2 rdasoporte 
440 1 |a (Lingüística) 
500 |a Traducción de: Descriptive Traslation Studies and Beyond 
649 |a XX 
650 |a Intérpretes y Traductores 
650 |a Traducción e Interpretación -  |x Metodología 
650 |a Traducción e Interpretación -  |x Teoría 
650 |a Semántica 
650 |a Semiótica y Literatura 
650 |a Lingüística 
910 |a Fondo General 
920 |a Impresos - Libros 
930 |a Colección General 
905 |a 101 
901 |a 0500114002  |b IT1  |c ACC  |u 20250521 
902 |a https://opac.biblio.iteso.mx/vufind/Record/000175673